| 000 | 01007cam a22003255a 4500 | ||
|---|---|---|---|
| 001 | 017165037 | ||
| 003 | Uk | ||
| 005 | 20201128024024.0 | ||
| 008 | 150413s2016 enka fr 001|0|eng|d | ||
| 015 |
_aGBB551645 _2bnb |
||
| 016 | 7 |
_a017165037 _2Uk |
|
| 020 | _a9781292060552 (pbk.) | ||
| 020 | _a1292060557 (pbk.) | ||
| 040 |
_aStDuBDS _beng _cStDuBDS _dUk _dEG-ScBUE |
||
| 042 | _aukblcatcopy | ||
| 082 | 0 | 4 |
_222 _a621.38152 _bSTR |
| 100 | 1 |
_aStreetman, Ben G. _918827 |
|
| 245 | 1 | 0 |
_aSolid state electronic devices / _cBen G. Streetman and Sanjay Kumar Banerjee. |
| 250 | _a7th ed., Global ed. / | ||
| 260 |
_aEssex : _bPearson Education Limited, _cc.2016. |
||
| 300 |
_a616 p. : _bill. ; _c24 cm. |
||
| 500 | _aIndex : p. 600-616. | ||
| 590 | _aWessam | ||
| 650 | 7 |
_aSolid state electronics. _2BUEsh _936940 |
|
| 650 | 7 |
_aSemiconductors. _2BUEsh _92692 |
|
| 651 | _2BUEsh | ||
| 653 |
_bENGELC _cNovember2016 |
||
| 700 | 1 |
_918829 _aBanerjee, Sanjay |
|
| 942 |
_2ddc _e22 _k621.38152 STR |
||
| 999 |
_c23372 _d23344 |
||